Warszawa Dzielnice po ulicy - Statystyki

Ogólne statystyki
  • Ten quiz został rozwiązany 746 razy
  • Średni wynik to 9 z 18
Statystyki odpowiedzi
Ulica Dzielnica % Poprawnych
Nowy Świat Śródmieście
89%
Wilanowska Mokotów
75%
Płocka Wola
71%
Radzymińska Targówek
61%
Lazurowa Bemowo
59%
Trakt Lubelski Wawer
58%
Łopuszańska Włochy
54%
Światowida Białołęka
53%
Mińska Praga Południe
53%
Ratuszowa Praga Północ
48%
Sokratesa Bielany
47%
Jana Rosoła Ursynów
46%
Krasińskiego Żoliborz
46%
Domaniewska Ochota
44%
Przyczółkowa Wilanów
34%
Kościuszki Ursus
29%
Chełmżyńska Rembertów
28%
Niemcewicza Wesoła
23%
Nie znaleziono quizów pasujących do podanych kryteriów
Rozkład punktacji
Procent ludzi z każdym wynikiem
Percentyl według liczby udzielonych odpowiedzi
Twoja historia wyników
Nie rozwiązałeś tego quizu